Statistics for Capital Cities Closest to Lakes

Click here to take the quiz!

General Stats

  • This quiz has been taken 58 times
  • The average score is 10 of 20

Answer Stats

LakeCapital% Correct
Lake GenevaBern
94%
Lake MichiganOttawa
83%
Caspian SeaBaku
81%
Dead SeaJerusalem
70%
Lake TiticacaLa Paz
62%
Lake VictoriaKampala
60%
Lake BaikalUlaanbaatar
58%
Great Salt LakeMexico City
55%
Loch NessDublin
53%
Lake BalatonBudapest
47%
Lake LadogaHelsinki
47%
Lake MalawiLilongwe
45%
Lake VänernOslo
36%
Lake ComoVaduz
36%
Lake TanganyikaBujumbura
34%
Aral SeaAshgabat
32%
Lake OkeechobeeNassau
32%
Lake PontchartrainHavana
30%
Lake VanYerevan
25%
Lake BalkhashBishkek
21%

Score Distribution

Percentile by Number Answered

Percent of People with Each Score

Your Score History

You have not taken this quiz